000 00349nam a22001457a 4500
003 OSt
005 20160727222400.0
008 160623b xxu||||| |||| 00| 0 eng d
040 _cTEST
100 _9661
_aBlyton, G
245 _aThe Secret of Spiggy Hales
260 _aLONDON
_bARMADA
_c1940
300 _aThe Secret of Spiggy Hales
942 _2ddc
_cBK
999 _c540
_d540